000 00324nam a22001337a 4500
082 _a425
_bGEO/C
100 _aGEORGE, ANU
245 _aCBSE CONTINUOUS & COMPREHENSIVE EVALUATION HAND BOOK FOR TEACHERS
260 _aNEW DELHI
_bCBSE
300 _a150
520 _aCCE HAND BOOK
650 _aENGLISH GRAMMAR
942 _cBK
999 _c7222
_d7222